000 00999nam a2200253 a 4500
001 BRCA_1915
005 20190320203612.0
008 050608s2006-------a---###---#000-0#spa-#
020 _a9706792023 (Obra completa)
050 4 _aNA5075
_b.S54 2006
100 1 _aSigaut, Nelly
_93415
245 1 0 _aGuadalupe arte y liturgia
_bla sillería de coro de la colegiata
_cNelly Sigaut, César Manrique ... [et al.].
260 _aZamora, Michoacán
_bEl Colegio de Michoacán : Museo de la Basílica de Guadalupe
_c2006
300 _a2 v.
_bil. a color
_c31 cm.
440 0 _aColección Imágenes
_95905
500 _aIncluye índice de imágenes e índice onomástico
504 _aBibliografía: p. 313-330
650 1 4 _aSillerías de coro
_zMéxico
_95906
650 1 4 _aMobiliario y accesorios religiosos
_zMéxico
_95907
650 1 4 _aColegiata de Guadalupe
_zMéxico
_95908
650 1 4 _aIglesia Católica en México
_xHistoria
_ySiglo XVIII
_95909
700 1 _aManrique, César
_95910
942 _2lcc
_cB
999 _c1687
_d1687